Missa Sancti Jacobi /

Saved in:
Bibliographic Details
Main Author: Dufay, Guillaume, 1397-1474.
Other Authors: Blanchard, Roger, 1919-
Format: Musical Score
Language:Latin
Published: [Paris] : Editions françaises de musique, [c1974]
Subjects:
Tags: Add Tag
No Tags, Be the first to tag this record!
LEADER 00725ncm a22002411i 4500
001 002000807-4
005 20020606093309.7
008 900808s1974 fr msa n 1 lat
010 |a  75766050 /M 
035 0 |a ocm02849730 
035 1 |a MAHSRC18418C 
035 1 |z CTYS88C4875 
040 |a CtY-Mus  |c CtY-Mus  |d MH-Mu 
050 0 |a M2010.D9  |b S3 
100 1 |a Dufay, Guillaume,  |d 1397-1474. 
245 1 0 |a Missa Sancti Jacobi /  |c Guillaume Dufay ; [réalisation, Roger Blanchard.] 
260 0 |a [Paris] :  |b Editions françaises de musique,  |c [c1974] 
300 |a score (65 p.) ;  |c 27 cm. 
500 |a For voices and instruments. 
650 0 |a Masses  |x Scores. 
700 1 |a Blanchard, Roger,  |d 1919- 
988 |a 20020608 
906 |0 RLIN